Kết cấu ô tô : Giáo trình cho sinh viên Đại học

Đã lưu trong:
书目详细资料
格式: Sách
语言:Undetermined
出版: Bách khoa - Hà Nội 2020
主题:
标签: 添加标签
没有标签, 成为第一个标记此记录!
Thư viện lưu trữ: Trung tâm Thư viện - Trường Đại học Công nghiệp TP. Hồ Chí Minh
LEADER 00434nam a2200133Ia 4500
001 UIH_00084
008 230809s9999 xx 000 0 und d
082 |a 629.2 
245 0 |a Kết cấu ô tô : Giáo trình cho sinh viên Đại học 
260 |b Bách khoa - Hà Nội 
260 |c 2020 
650 |a Ô tô; 
927 |a Sách 
980 |a Trung tâm Thư viện - Trường Đại học Công nghiệp TP. Hồ Chí Minh